Семантичний аналіз фразеологічних одиниць з топонімічним компонентом (Запис № 284221)

МАРК-запис
000 -LEADER
fixed length control field 01127nam a22001577a 4500
041 ## - LANGUAGE CODE
Language code of text/sound track or separate title ukr
080 ## - UNIVERSAL DECIMAL CLASSIFICATION NUMBER
Universal Decimal Classification number 09
090 ## - LOCALLY ASSIGNED LC-TYPE CALL NUMBER (OCLC); LOCAL CALL NUMBER (OCLC)
Local cutter number (OCLC) ; Book number/undivided call number, CALL (RLIN) АНД
100 ## - MAIN ENTRY--PERSONAL NAME
Personal name Андрощук Л.М.
245 ## - TITLE STATEMENT
Title Семантичний аналіз фразеологічних одиниць з топонімічним компонентом
260 ## - PUBLICATION, DISTRIBUTION, ETC. (IMPRINT)
Place of publication, distribution, etc Острог
Name of publisher, distributor, etc КАФ
Date of publication, distribution, etc 2010
300 ## - PHYSICAL DESCRIPTION
Extent 51
520 ## - SUMMARY, ETC.
Summary, etc ВСТУП<br/>РОЗДІЛ 1 ЗАГАЛЬНІ ПІДХОДИ ДО АНАЛІЗУ ФРАЗЕОЛОГІЧНИХ ОДИНИЦЬ<br/>1.1 Поняття фразеології та фразеологічної одиниці.<br/>1.2 Види фразеологізмів.<br/>РОЗДІЛ 2 СЕМАНТИЧНИЙ АНАЛІЗ ФРАЗЕОЛОГІЧНИХ ОДИНИЦЬ З ТОПОНІМІЧНИМ КОМПОНЕНТОМ<br/>2.1 Топоніми у складі фразеологічних одиниць.<br/>2.2 Класифікація фразеологічних одиниць з топонімічним компонентом.<br/>ВИСНОВКИ
-- фразеологічні одиниці, топоніміка
650 ## - SUBJECT ADDED ENTRY--TOPICAL TERM
Topical term or geographic name as entry element Research Papers
942 ## - ADDED ENTRY ELEMENTS (KOHA)
Koha item type Книги
Фонди
Withdrawn status Lost status Source of classification or shelving scheme Damaged status Not for loan Home library Current library Date acquired Source of acquisition Cost, normal purchase price Total Checkouts Full call number Barcode Date last seen Price effective from Koha item type
    Universal Decimal Classification     ВІЛ - Відділ іноземн. літератури НБ ВІЛ - Відділ іноземн. літератури НБ 16/04/2009 Акт №1 1.00   09 213883 20/12/2021 16/04/2009 Книги